Data Driven Price Setting of Wine Products to the Ensure Long Term Sustainability of Wineries
Stanovenie správnej ceny za produkt je aplikačná zručnosť, ktorú by mal mať každý správca príjmov. Dnešné technologické možnosti umožňujú zachytiť a ukladať veľké množstvo komplexných údajov a informácií, vďaka čomu sa rozhoduje o cene presne a aktuálne. Zisťovanie, akú cenu by boli spotrebitelia oc...
Na minha lista:
| Autor principal: | |
|---|---|
| Outros Autores: | |
| Formato: | Capítulo de Livro |
| Idioma: | inglês |
| Assuntos: | |
| Tags: |
Sem tags, seja o primeiro a adicionar uma tag!
|
MARC
| LEADER | 00000naa$a2200000$$$4500 | ||
|---|---|---|---|
| 001 | 0294324 | ||
| 005 | 20250128111157.5 | ||
| 041 | 0 | |a eng | |
| 044 | |a HR | ||
| 245 | 1 | 0 | |a Data Driven Price Setting of Wine Products to the Ensure Long Term Sustainability of Wineries |c Katarína Remeňová, Jakub Kintler |
| 520 | |a Stanovenie správnej ceny za produkt je aplikačná zručnosť, ktorú by mal mať každý správca príjmov. Dnešné technologické možnosti umožňujú zachytiť a ukladať veľké množstvo komplexných údajov a informácií, vďaka čomu sa rozhoduje o cene presne a aktuálne. Zisťovanie, akú cenu by boli spotrebitelia ochotní zaplatiť za nový potravinový výrobok na relatívne nasýtenom trhu. | ||
| 610 | 2 | 0 | |a rozhodovanie |
| 610 | 2 | 0 | |a ceny |
| 610 | 2 | 0 | |a citlivosť |
| 610 | 2 | 0 | |a víno |
| 610 | 2 | 0 | |a priemysel potravinársky |
| 610 | 2 | 0 | |a trh |
| 100 | 1 | |a Remeňová, Katarína, 1982- | |
| 700 | 1 | |a Kintler, Jakub, 1979- | |